000
00274nam a22001217a 4500
008
181009b xxu||||| |||| 00| 0 eng d
041
_a
eng
080
_a
710
100
_a
44
101
_a
ART
245
_a
A Concise History of Modern Painting
_c
Read,H
942
_2
udc
_c
BK
999
_c
49243
_d
49243